Geografické aspekty maloobchodnej siete mesta Trnava a nákupné správanie jej obyvateľstva

Enregistré dans:
Détails bibliographiques
Auteur principal: Trembošová, Miroslava
Autres auteurs: Dubcová, Alena, Civáň, Marek
Format: Livre
Publié: Nitra Univerzita Konštantína filozofa v Nitre 2016
Collection:Prírodovedec 647
Sujets:
Tags: Ajouter un tag
Pas de tags, Soyez le premier à ajouter un tag!

MARC

LEADER 00000nam a2200000 4500
001 0240293
005 20240314094320.9
020 |a 978-80-558-1103-1 
044 |a SK 
245 1 0 |a Geografické aspekty maloobchodnej siete mesta Trnava a nákupné správanie jej obyvateľstva  |c Miroslava Trembošová a kol. 
264 1 |a Nitra  |b Univerzita Konštantína filozofa v Nitre  |c 2016 
300 |a 175 s. 
490 1 |a Prírodovedec  |v 647 
830 0 |a Prírodovedec  |v 647 
610 2 0 |a siete obchodné 
610 2 0 |a maloobchod 
610 2 0 |a výskum 
610 2 0 |a nákup 
610 2 0 |a správanie spotrebiteľa 
610 2 0 |a modely 
610 2 0 |a mestá 
610 2 0 |a zóny 
610 2 0 |a doprava 
610 2 0 |a obyvateľstvo 
610 2 0 |a sila kúpna obyvateľstva 
610 2 0 |a centrá nákupné 
610 2 0 |a Trnava 
100 1 |a Trembošová, Miroslava 
700 1 |a Dubcová, Alena 
700 1 |a Civáň, Marek